000 00326nam a22001457a 4500
003 OSt
005 20160727222408.0
008 160624b xxu||||| |||| 00| 0 eng d
040 _cTEST
100 _9909
_aSeidensticker, E
245 _aJapan
260 _aNEW YORK
_bTIME LIFE BOOKS
_c1968
300 _aJapan
942 _2ddc
_cBK
999 _c722
_d722